000 00423nam a2200181Ia 4500
003 0STCL
008 150530s9999 xx 000 0 und d
040 _aSTCL
_cSTCL
100 _aMannur, H.G.
245 _aInternational economics
250 _a3
260 _bVikas publishing house;New Delhi
_c2000
_aNew Delhi
300 _a0
546 _aEnglish
942 _2ddc
_cBK
999 _c10360
_d10360
005 20220125165546.0